Chile : los libros de la discordia (Record no. 118562)

MARC details
000 -CABECERA
campo de control de longitud fija 00449nab a2200181 a 4500
005 - FECHA Y HORA DE LA ÚLTIMA TRANSACCIÓN
campo de control 20210219155509.0
008 - ELEMENTOS DE LONGITUD FIJA--INFORMACIÓN GENERAL
campo de control de longitud fija 991125s1985 mx 000 0 spa u
035 ## - NÚMERO DE CONTROL DEL SISTEMA
Número de control de sistema UPN01000146416
100 1# - ASIENTO PRINCIPAL--NOMBRE PERSONAL
Nombre de persona Petrovich, Francisca
222 ## - TÍTULO CLAVE
Título clave CORREO DE LA UNESCO
245 ## - MENCIÓN DE TÍTULO
Título Chile : los libros de la discordia
300 ## - DESCRIPCIÓN FÍSICA
Extensión 43
362 0# - FECHAS DE PUBLICACIÓN Y/O DESIGNACIÓN SECUENCIAL
Fecha de publicación y/o designación secuencial 2001 Feb.
653 0# - TERMINO DE INDIZACION - NO CONTROLADO
Término no controlado PIRATERIA
653 0# - TERMINO DE INDIZACION - NO CONTROLADO
Término no controlado LIBROS
653 0# - TERMINO DE INDIZACION - NO CONTROLADO
Término no controlado INDUSTRIA EDITORIAL
905 ## - TIPO DE MATERIAL
Tipo de material Articulo

No items available.